<?xml version="1.0" encoding="UTF-8"?>
<record
    xmlns:xsi="http://www.w3.org/2001/XMLSchema-instance"
    xsi:schemaLocation="http://www.loc.gov/MARC21/slim http://www.loc.gov/standards/marcxml/schema/MARC21slim.xsd"
    xmlns="http://www.loc.gov/MARC21/slim">

  <leader>03060cam a2200337 a 4500</leader>
  <datafield tag="999" ind1=" " ind2=" ">
    <subfield code="c">330997</subfield>
    <subfield code="d">330997</subfield>
  </datafield>
  <controlfield tag="001">17170711</controlfield>
  <controlfield tag="003">NUST</controlfield>
  <controlfield tag="005">20180117090029.0</controlfield>
  <controlfield tag="008">120217s2012    cauc          000 0 eng d</controlfield>
  <datafield tag="010" ind1=" " ind2=" ">
    <subfield code="a">  2011284956</subfield>
  </datafield>
  <datafield tag="020" ind1=" " ind2=" ">
    <subfield code="a">9781452216874 (pbk.: acidfree paper)</subfield>
  </datafield>
  <datafield tag="020" ind1=" " ind2=" ">
    <subfield code="a">1452216878</subfield>
  </datafield>
  <datafield tag="035" ind1=" " ind2=" ">
    <subfield code="a">(OCoLC)ocn746834910</subfield>
  </datafield>
  <datafield tag="040" ind1=" " ind2=" ">
    <subfield code="a">BTCTA</subfield>
    <subfield code="b">eng</subfield>
    <subfield code="c">BTCTA</subfield>
    <subfield code="d">YDXCP</subfield>
    <subfield code="d">BWX</subfield>
    <subfield code="d">DTM</subfield>
    <subfield code="d">DLC</subfield>
  </datafield>
  <datafield tag="042" ind1=" " ind2=" ">
    <subfield code="a">lccopycat</subfield>
  </datafield>
  <datafield tag="050" ind1="0" ind2="0">
    <subfield code="a">BF636.6</subfield>
    <subfield code="b">.H883 2012</subfield>
  </datafield>
  <datafield tag="082" ind1=" " ind2=" ">
    <subfield code="a">158.3 HUT</subfield>
  </datafield>
  <datafield tag="100" ind1="1" ind2=" ">
    <subfield code="a">Hutchinson, David R.</subfield>
    <subfield code="9">4321</subfield>
  </datafield>
  <datafield tag="245" ind1="1" ind2="4">
    <subfield code="a">The counseling skills practice manual /</subfield>
    <subfield code="c">David R. Hutchinson.</subfield>
  </datafield>
  <datafield tag="260" ind1=" " ind2=" ">
    <subfield code="a">Thousand Oaks, Calif.</subfield>
    <subfield code="b">SAGE,</subfield>
    <subfield code="c">c2012.</subfield>
  </datafield>
  <datafield tag="300" ind1=" " ind2=" ">
    <subfield code="a">viii, 115 p. :</subfield>
    <subfield code="b">port. ;</subfield>
    <subfield code="c">28 cm.</subfield>
  </datafield>
  <datafield tag="500" ind1=" " ind2=" ">
    <subfield code="a">Companion to: The essential counselor and its accompanying DVD of professionally demonstrated skills.</subfield>
  </datafield>
  <datafield tag="505" ind1="0" ind2=" ">
    <subfield code="a">Getting started : using your natural interest and curiosity about people -- Giving and receiving feedback -- Getting started with a new client -- Using questions to engage and fact-find -- Using reflections for engagement and for the exploration of feeling -- Using little tools with big effect : silence and simple prompts -- Hunches, challenges, and the use of paradox -- Making it personal : affirming and promoting immediacy -- Ethical and cultural issues -- Dealing with crisis -- Working with a reluctant client -- Putting it all together : using natural and learned skills.</subfield>
  </datafield>
  <datafield tag="520" ind1=" " ind2=" ">
    <subfield code="a">A practical guide for students who are working on improving their counseling skills, this manual features 12 practice sessions, each of which focuses on a specific counseling skillset. Many of the essential skills are covered, such as using questions, nonverbal behaviors, making reflections of client meaning, and feeling. But the student also gains practice here with important skills, such as learning how to deal with clients in crisis and reluctant clients, how to appropriately confront, and hoe to give and receive accurate and supportive feedback to one another. These practice sessions are designed to help students recognize and build on their natural interpersonal skill set as they learn new skills. They will help students become more competent in their use of counseling skills and feel more comfortable and confident in their roles as emerging counseling professionals. Key features: Offers a comprehensive view of each skill prior to its being demonstrated; connects skills learned to professional practice ; provides ample student review and practice opportunities, including both writtent exercises and role-playing; encourages thorough evaluation ooportunities through both self-evaluation and peer/instructor evaluation.</subfield>
  </datafield>
  <datafield tag="650" ind1=" " ind2="0">
    <subfield code="a">Counseling psychology.</subfield>
    <subfield code="9">4077</subfield>
  </datafield>
  <datafield tag="650" ind1=" " ind2="0">
    <subfield code="a">Counseling</subfield>
    <subfield code="x">Methodology.</subfield>
    <subfield code="9">4322</subfield>
  </datafield>
  <datafield tag="906" ind1=" " ind2=" ">
    <subfield code="a">7</subfield>
    <subfield code="b">cbc</subfield>
    <subfield code="c">copycat</subfield>
    <subfield code="d">2</subfield>
    <subfield code="e">ncip</subfield>
    <subfield code="f">20</subfield>
    <subfield code="g">y-gencatlg</subfield>
  </datafield>
  <datafield tag="942" ind1=" " ind2=" ">
    <subfield code="2">ddc</subfield>
    <subfield code="c">BK</subfield>
  </datafield>
  <datafield tag="952" ind1=" " ind2=" ">
    <subfield code="0">0</subfield>
    <subfield code="1">0</subfield>
    <subfield code="2">ddc</subfield>
    <subfield code="4">0</subfield>
    <subfield code="7">0</subfield>
    <subfield code="8">NFIC</subfield>
    <subfield code="a">CL</subfield>
    <subfield code="b">CL</subfield>
    <subfield code="c">GEN</subfield>
    <subfield code="d">2017-08-28</subfield>
    <subfield code="l">0</subfield>
    <subfield code="o">158.3 HUT</subfield>
    <subfield code="p">S3H-C-139</subfield>
    <subfield code="r">2017-08-28</subfield>
    <subfield code="w">2017-08-28</subfield>
    <subfield code="y">BK</subfield>
  </datafield>
</record>
